Diseño de un controlador difuso para el nivel del embalse de la Represa Hidroeléctrica de Sandillal
সংরক্ষণ করুন:
| প্রধান লেখক: | |
|---|---|
| অন্যান্য লেখক: | , |
| বিন্যাস: | গ্রন্থ |
| প্রকাশিত: |
San José, Costa Rica
1997
|
| বিষয়গুলি: | |
| ট্যাগগুলো: |
ট্যাগ যুক্ত করুন
কোনো ট্যাগ নেই, প্রথমজন হিসাবে ট্যাগ করুন!
|
MARC
| LEADER | 00000nam a2200000Ia 4500 | ||
|---|---|---|---|
| 003 | 008173 | ||
| 005 | 20240115111854.0 | ||
| 008 | 140114s1997 cr a m 000 ||s d | ||
| 040 | |c cru CEDI | ||
| 090 | |a TFG 3639 | ||
| 100 | |a Agüero Ramírez, Luis Eduardo, 1972- |9 2167 | ||
| 245 | |a Diseño de un controlador difuso para el nivel del embalse de la Represa Hidroeléctrica de Sandillal | ||
| 260 | |a San José, Costa Rica |c 1997 | ||
| 300 | |a xiii, 47 hojas : ilustraciones | ||
| 500 | |a Proyecto de graduación (bachillerato en ingeniería eléctrica)--Universidad de Costa Rica. Facultad de Ingeniería. Escuela de Ingeniería Eléctrica | ||
| 501 | |a Profesor Guía de Proyecto Eléctrico: Profesor Guía de Proyecto Eléctrico: Ing. Jorge Badilla Pérez | ||
| 650 | |x PLANTA HIDROELECTRICA SANDILLAL (GUANACASTE, COSTA RICA) |x CONTROL AUTOMATICO |x MICROCONTROLADORES |9 9562 | ||
| 700 | |9 9561 |a Sánchez Castillo, Luis Fernando | ||
| 700 | |a Badilla Pérez, Jorge, 1953- |d Director de Proyecto Eléctrico |9 1789 | ||
| 942 | |c TFG |h TFG 3639 |i 008173 |6 TFG_3639_008173000000000 | ||
| 999 | |c 18869 |d 18869 | ||
